| 000 | 00708cam a22002533a 4500 | ||
|---|---|---|---|
| 001 | 26731 | ||
| 003 | PGUSA | ||
| 005 | 20140828083557.0 | ||
| 008 | 080930s2008||||xxu|||||s|||||000 | eng d | ||
| 040 |
_aPGUSA _beng |
||
| 042 | _adc | ||
| 050 | 4 | _aPA | |
| 100 | 1 |
_aSophocles, _d-496--406 |
|
| 245 | 1 | 0 |
_aΑντιγόνη _h[electronic resource] / _cSophocles |
| 260 |
_bProject Gutenberg, _c2008 |
||
| 506 | _aPublic domain in the USA. | ||
| 516 | _aElectronic text | ||
| 653 | _aAntigone (Greek mythology) -- Drama | ||
| 700 | 1 |
_aChristomanos, Konstantinos, _d1867-1911 |
|
| 740 | 0 | _aAntigoni | |
| 830 | 0 |
_aProject Gutenberg _v26731 |
|
| 856 | 4 | 0 | _uhttp://www.gutenberg.org/ebooks/26731 |
| 942 | _cEB | ||
| 999 |
_c255986 _d255986 |
||